000 00845nam a2200265 a 4500
001 69960
003 BD-RjUL
005 20211209081941.0
008 170415s1966 enka b 001 0 eng d
020 _a0080347150
035 _a(BD-RjUL)70172
040 _aDLC
_cDLC
_dBD-RjUL
_beng
041 _aeng
082 0 0 _a542
_223
_bPEP 1966
100 1 _aPerrin, D. D.
_q(Douglas Dalzell),
_d1922-
_9207225
245 1 0 _aPurification of laboratory chemicals /
_cD.D. Perrin and W.L.F. Armarego & Dawn R. Perrin
260 _aOxford ;
_aNew York :
_bPergamon Press,
_cc1966.
300 _aviii, 362 p. :
_bill. ;
_c31 cm.
500 _aIncludes index.
504 _aBibliography: p. 64.
650 0 _aChemicals
_xPurification.
_9207226
700 1 _aArmarego, W. L. F. & Perrin, Dawn R.
_9207227
942 _2ddc
_cBK
999 _c69960
_d69960